Normal view
MARC view
- Dato' Sri Abd. Rahman Abd. Hamid.
Entry Personal Name
001 - CONTROL NUMBER
- control field: 8325
003 - CONTROL NUMBER IDENTIFIER
- control field: OSt
005 - DATE AND TIME OF LATEST TRANSACTION
- control field: 20170526095820.0
008 - FIXED-LENGTH DATA ELEMENTS
- fixed length control field: 170526|| aca||aabn | a|a d
040 ## - CATALOGING SOURCE
- Original cataloging agency: OSt
- Transcribing agency: OSt
100 ## - HEADING--PERSONAL NAME
- Personal name: Dato' Sri Abd. Rahman Abd. Hamid.
- Dates associated with a name: 1951-
670 ## - SOURCE DATA FOUND
- Source citation: Work cat.: (OSt): Dato' Sri Abd. Rahman Abd. Hamid. 1951-, Memacu Di Hadapan Menggalas Kecemerlangan Kastam :, 2008.

PORTAL AKMAL
E-MEL JKDM
AKMAL2U
G-BAM
u-PUSTAKA